[Event "45th Olympiad 2024"]
[Site "Budapest HUN"]
[Date "2024.09.15"]
[Round "5.68"]
[Board "2"]
[White "Etienne, Angelo"]
[Black "Lesbros, Bernard"]
[Result "1-0"]
[WhiteElo "2122"]
[BlackElo "1938"]
[PlyCount "95"]
[EventDate "2024.09.11"]
[WhiteTeam "Haiti"]
[BlackTeam "Senegal"]
[WhiteTeamCountry "HAI"]
[BlackTeamCountry "SEN"]

1. Nf3 c5 2. g3 g6 3. c4 Bg7 4. Nc3 e5 ({RR} 4... b6 5. d4 cxd4 6. Nxd4 Bb7 7. e4 Nc6 8. Be3 Nf6 9. Bg2 Ng4 10. Qxg4 Nxd4 11. Qd1 Ne6 12. Rc1 O-O 13. O-O f5 14. f4 fxe4 15. Qd2 Nc5 16. Bd4 e6 17. Rcd1 a5 18. Qe3 Bxd4 19. Qxd4 {½-½ Laznicka,V (2634)-Ponomariov,R (2741) ESP-chT Honor Gp2 2009 (4)}) ({RR} 4... e6 5. Bg2 Ne7 6. O-O O-O 7. d4 d6 8. dxc5 dxc5 9. Qxd8 Rxd8 10. Be3 Na6 11. Rad1 Bd7 12. Bg5 Kf8 13. Bf4 Bc6 14. Be5 f6 15. Bf4 e5 16. Bc1 Kf7 17. Nd2 f5 18. b3 e4 19. Bb2 {1-0 D'Arruda,R (2271)-Luukkonen,T (2255) Titled Tue 5th Mar Early 2024 (6)}) 5. Bg2 Ne7 6. d3 O-O 7. h4 $146 ({RR} 7. O-O f5 8. Bg5 Nbc6 9. Qd2 d6 10. Rab1 Be6 11. Ne1 Qd7 12. Nd5 Bxd5 13. cxd5 Nb4 14. Bxe7 Qxe7 15. a3 Na6 16. Nc2 g5 17. e3 f4 18. exf4 gxf4 19. Bf3 Rf6 20. Rbe1 Raf8 21. gxf4 Rxf4 {0-1 Nunnari,M-Ruggeri,P Pellestrina op-E 1979 (6)}) 7... Nbc6 8. h5 d6 9. hxg6 hxg6 10. Bg5 Qa5 11. Qd2 Bg4 12. Bh6 Nf5 13. Bxg7 Kxg7 14. Nh2 Ncd4 15. Rb1 Bxe2 16. Nxe2 Qxa2 17. O-O Rh8 18. Nxd4 Nxd4 19. Nf3 Ne6 20. Qc3 Qa6 21. b4 b6 22. bxc5 bxc5 23. Nxe5 Nd4 24. Nc6 Qa3 25. Qb2 Qxb2 26. Rxb2 Nf5 27. Be4 Rac8 28. Nxa7 Rb8 29. Rxb8 Rxb8 30. Bxf5 gxf5 31. Nb5 d5 32. Kg2 dxc4 33. dxc4 Re8 34. Rd1 f4 35. Nd6 Re2 36. Kf3 Rc2 37. g4 Kf6 38. Rd5 Ke6 39. Ne4 Rxc4 40. Rxc5 Rd4 41. Kxf4 Ra4 42. Rc6+ Kd5 43. Rd6+ Kc4 44. Rf6 Kd3 45. f3 Ra7 46. Nd6 Ra6 47. g5 Ra4+ 48. Kg3 1-0

[Event "45th Olympiad 2024"]
[Site "Budapest HUN"]
[Date "2024.09.15"]
[Round "5.68"]
[Board "3"]
[White "Marochkina, Nadezhda Valerevna"]
[Black "Volcimus, Ritchy David"]
[Result "1-0"]
[WhiteElo "1792"]
[BlackElo "1948"]
[PlyCount "69"]
[EventDate "2024.09.11"]
[WhiteTeam "Senegal"]
[BlackTeam "Haiti"]
[WhiteTeamCountry "SEN"]
[BlackTeamCountry "HAI"]

1. d4 Nf6 2. c4 e6 3. Nf3 Bb4+ 4. Bd2 Be7 5. g3 d5 6. Bg2 c6 7. e3 ({RR} 7. O-O Nbd7 8. Bf4 dxc4 9. a4 Nd5 10. Bd2 b6 11. e4 N5f6 12. Nc3 O-O 13. Bf4 Re8 14. Qe2 Ba6 15. Rfd1 Bb4 16. Rac1 Rc8 17. Bf1 b5 18. axb5 cxb5 19. e5 Nd5 20. Nxd5 exd5 21. Nh4 Rc7 {½-½ Grischuk,A (2760)-Vitiugov,N (2709) EU-Cup 26th Plovdiv 2010 (6.3)}) 7... Nbd7 8. b3 $146 ({RR} 8. Qc2 O-O 9. O-O b6 10. Rd1 Bb7 11. Be1 Rc8 12. Nbd2 Qc7 13. Rac1 Qb8 14. cxd5 cxd5 15. Qa4 Bd6 16. b4 a6 17. b5 axb5 18. Qxb5 Qa7 19. Bf1 Rxc1 20. Rxc1 Qxa2 21. Nb3 Qa7 22. Bb4 Qb8 {½-½ Nguyen,T (1870)-Secopito,C (2127) ASEAN-ch (Women) 4th 2019 (9)}) 8... O-O 9. O-O b6 10. Bc3 Ne4 11. Bb2 Ba6 12. Nbd2 f5 13. Qc1 Rc8 14. Re1 g5 15. Ba3 c5 16. Qb2 g4 17. Ne5 Nxd2 18. Nxd7 Nxc4 19. bxc4 Qxd7 20. cxd5 exd5 21. dxc5 Bxc5 22. Rad1 Bc4 23. Qc3 Bxa3 24. Qxa3 Rc5 25. Qb2 Qg7 26. Rd4 Bd3 27. Rd1 Be4 28. Qa3 Bxg2 29. Kxg2 Rd8 30. e4 fxe4 31. Rxe4 d4 32. Qb3+ Kh8 33. Rdxd4 Qxd4 34. Rxd4 Rxd4 35. Qf7 1-0

[Event "45th Olympiad 2024"]
[Site "Budapest HUN"]
[Date "2024.09.15"]
[Round "5.68"]
[Board "4"]
[White "Guillaume, Jude Mirvens"]
[Black "Cisse, Amadou Lamine"]
[Result "1/2-1/2"]
[WhiteElo "1956"]
[BlackElo "1948"]
[PlyCount "145"]
[EventDate "2024.09.11"]
[WhiteTeam "Haiti"]
[BlackTeam "Senegal"]
[WhiteTeamCountry "HAI"]
[BlackTeamCountry "SEN"]

1. d4 d5 2. Bf4 c5 3. c3 Nc6 4. Nf3 Nf6 5. h3 e6 6. e3 Qb6 7. Qc2 Bd7 8. Nbd2 Rc8 9. Qb3 Qxb3 10. axb3 $146 ({RR} 10. Nxb3 cxd4 11. exd4 Be7 12. Bd3 O-O 13. O-O a6 14. Rfe1 Rfd8 15. Nbd2 Be8 16. Ne5 Nxe5 17. Bxe5 Nd7 18. Bg3 Nb6 19. Re2 Bd6 20. Bxd6 Rxd6 21. Nf3 Na4 22. Ne5 Rb6 23. Rb1 f6 24. Nf3 Bg6 {0-1 Bauer,M (2380)-Fritsche,W Bochum Post op 1991}) ({RR} 10. Nxb3 Ne4 11. Nbd2 Nxd2 12. Nxd2 c4 13. e4 b5 14. Be2 b4 15. O-O Be7 16. Bf3 bxc3 17. bxc3 dxe4 18. Nxe4 O-O 19. Rfb1 Ba3 20. Rb7 Be8 21. Nd6 Na5 22. Nxc8 Nxb7 23. Bxb7 Bc6 24. Bxc6 Rxc8 {1-0 Cizman,G (1855)-Bratkovic,J Ljubljana Winter op 2010 (2)}) ({RR} 10. Nxb3 cxd4 11. Nbxd4 a6 12. Be2 Be7 13. O-O O-O 14. Bh2 Ne4 15. Rad1 f6 16. c4 Rfd8 17. cxd5 exd5 18. a3 Na5 19. Nd2 Ba4 20. b3 Nxd2 21. Rxd2 Nxb3 22. Nxb3 Bxb3 23. Rb2 Bc4 24. Bxc4 dxc4 {0-1 Pereira da Silva,E (1775)-Barbosa,E (1718) Brasilia Abertura op 2014 (4)}) 10... a6 11. Be2 cxd4 12. exd4 Be7 13. Ne5 Nxe5 14. dxe5 Ng8 15. b4 Bc6 16. O-O h5 17. Nb3 Bd8 18. Be3 Ne7 19. Bd3 Nf5 20. Bc5 Bc7 21. Bxf5 exf5 22. f4 Bd7 23. Rae1 b6 24. Bd6 Bxd6 25. exd6+ Be6 26. Nd4 Kd7 27. Ra1 Ra8 28. Ra3 Ra7 29. Re1 Rha8 30. Rea1 Kc8 31. Nc6 Rd7 32. Ne5 Rxd6 33. Rxa6 Rxa6 34. Rxa6 Kb7 35. Ra1 Rd8 36. Kf2 Rc8 37. Ke3 d4+ 38. Kxd4 f6 39. Nf3 Rc4+ 40. Ke3 Re4+ 41. Kf2 Rxf4 42. Re1 Re4 43. Nd4 Bd5 44. g3 f4 45. Rxe4 fxg3+ 46. Kxg3 Bxe4 47. Kf4 Bd3 48. h4 g6 49. Ke3 Bb1 50. Ne6 Kc6 51. c4 Kd6 52. Nf4 Ke5 53. c5 bxc5 54. bxc5 g5 55. hxg5 fxg5 56. Nxh5 Kd5 57. b4 Bf5 58. Ng3 Bd7 59. Ne4 Kc4 60. Nxg5 Kxb4 61. Kd4 Bc6 62. Ne6 Bg2 63. Nf4 Bc6 64. Nd3+ Kb5 65. Ke5 Bb7 66. Kd6 Be4 67. Nf4 Bb7 68. Nd5 Kc4 69. Nc7 Be4 70. Ne6 Kb5 71. Nf4 Kc4 72. Nh5 Bb7 73. Nf6 1/2-1/2

[Event "45th Olympiad 2024"]
[Site "Budapest HUN"]
[Date "2024.09.15"]
[Round "5.69"]
[Board "1"]
[White "Blackman, Justin"]
[Black "Gontcharov, Serguei"]
[Result "1-0"]
[WhiteElo "2265"]
[BlackElo "1927"]
[PlyCount "51"]
[EventDate "2024.09.11"]
[WhiteTeam "Barbados"]
[BlackTeam "Bermuda"]
[WhiteTeamCountry "BAR"]
[BlackTeamCountry "BER"]

1. d4 d5 2. Bf4 Nf6 3. e3 c5 4. c3 Nc6 5. Bd3 Qb6 6. b3 Bg4 7. Nf3 Nh5 8. Bg5 h6 9. Bh4 g5 10. h3 Bd7 11. Ne5 $146 ({RR} 11. Ng1 gxh4 12. Qxh5 cxd4 13. cxd4 Bg7 14. Nc3 Nxd4 15. Nxd5 Qa5+ 16. b4 Qa3 17. Rd1 Ne6 18. Ne2 Bc6 19. O-O Rd8 20. Bc4 Bxd5 21. Bxd5 O-O 22. Qxh4 Ng5 23. Ng3 e6 24. Bb3 Qb2 25. Nh5 Qe5 {1-0 Brunello,S (2508)-Lupulescu,C (2588) Chess.com Classic Play-In 2024 (6.66)}) 11... Nxe5 12. dxe5 Ng7 13. Bg3 d4 14. O-O Ne6 15. Na3 Bg7 16. f4 gxf4 17. exf4 dxc3 18. f5 Nd4 19. e6 Nxe6 20. fxe6 Bxe6 21. Bb5+ Kf8 22. Qe2 Rd8 23. Nc4 Qxb5 24. Qxe6 Bf6 25. Rxf6 exf6 26. Qxf6 1-0

[Event "45th Olympiad 2024"]
[Site "Budapest HUN"]
[Date "2024.09.15"]
[Round "5.69"]
[Board "2"]
[White "Dacres, Don"]
[Black "Corbin, Philip"]
[Result "0-1"]
[WhiteElo "1863"]
[BlackElo "1916"]
[PlyCount "92"]
[EventDate "2024.09.11"]
[WhiteTeam "Bermuda"]
[BlackTeam "Barbados"]
[WhiteTeamCountry "BER"]
[BlackTeamCountry "BAR"]

1. e4 c5 2. Nf3 Nc6 3. c3 Nf6 4. e5 Nd5 5. d4 cxd4 6. cxd4 g6 7. Nc3 Nxc3 8. bxc3 Bg7 ({RR} 8... d5 9. Be2 Bg7 10. O-O O-O 11. Re1 Na5 12. Bd2 Bd7 13. h3 b5 14. Bd3 Qc7 15. Ng5 e6 16. Rc1 Nc4 17. Bxc4 Qxc4 18. Qb3 Rfc8 19. Qxc4 Rxc4 20. Nf3 Rac8 21. Ra1 R8c6 22. Rab1 Ra6 23. Rb2 {0-1 Jaberansari,D (1382)-Gay,C (1900) South Wales New Year op 2019 (1)}) 9. Be2 ({RR} 9. h4 d6 10. exd6 Qxd6 11. h5 Bg4 12. h6 Bf6 13. Be2 O-O 14. O-O Rac8 15. Bd2 Na5 16. Ne5 Bxe2 17. Qxe2 Bxe5 18. dxe5 Qe6 19. Rab1 b6 20. Rb4 Qxa2 21. e6 Qxe6 22. Re4 Qf6 23. Be3 Nc6 {0-1 Belyakov,B (2448)-Bologan,V (2574) Titled Tuesday intern op 12th Jan blitz 2021 (4)}) ({RR} 9. Bd3 O-O 10. O-O d6 11. exd6 Qxd6 12. Be3 Bg4 13. h3 Bxf3 14. Qxf3 e5 15. d5 Ne7 16. c4 b6 17. Rac1 Rac8 18. Rfd1 f5 19. Bb1 e4 20. Qe2 f4 21. Bd4 Bxd4 22. Rxd4 e3 23. f3 b5 {1-0 Kornyukov,A (2452)-Skiadopoulos,N (1854) Titled Tue 6th Feb Early 2024 (6)}) 9... O-O 10. O-O d5 11. a4 $146 ({RR} 11. Re1 Bg4 12. h3 Bxf3 13. Bxf3 e6 14. Ba3 Re8 15. Rb1 Qd7 16. Qb3 Na5 17. Qb4 Nc4 18. Bc1 b6 19. Be2 Bf8 20. Qb3 Rec8 21. Bxc4 Rxc4 22. Ba3 Rac8 23. Rec1 Qa4 24. Bxf8 Kxf8 25. Qxa4 Rxa4 {0-1 Poetsch,H-Teichmann,G Karl Mala Memorial op 06th 2002 (5)}) 11... Qc7 12. h3 Na5 13. Ra3 Bd7 14. Bb5 Nc4 15. Rb3 Rfb8 16. Nd2 Na5 17. Ra3 a6 18. Bxd7 Qxd7 19. f4 e6 20. Ra2 Rc8 21. Rf3 Bf8 22. Ba3 Bxa3 23. Rxa3 Nc4 24. Nxc4 Rxc4 25. Kf1 Rac8 26. Rd3 Qe7 27. Qb3 b5 28. axb5 axb5 29. g3 b4 30. cxb4 Rxb4 31. Qd1 Rxd4 32. Qa1 Rxd3 33. Rxd3 Qc5 34. Ra3 Qc4+ 35. Kg1 Kg7 36. Ra8 Rc5 37. Qa3 d4 38. Ra4 Qc2 39. Rxd4 Qb1+ 40. Kf2 Rc2+ 41. Kf3 Qf1+ 42. Kg4 Rh2 43. Rd8 Qe2+ 44. Qf3 h5+ 45. Kg5 Qxf3 46. g4 Rxh3 0-1

[Event "45th Olympiad 2024"]
[Site "Budapest HUN"]
[Date "2024.09.15"]
[Round "5.69"]
[Board "3"]
[White "Edwards, Emar"]
[Black "Gontcharov, Dimitri"]
[Result "1-0"]
[WhiteElo "1898"]
[BlackElo "1653"]
[PlyCount "63"]
[EventDate "2024.09.11"]
[WhiteTeam "Barbados"]
[BlackTeam "Bermuda"]
[WhiteTeamCountry "BAR"]
[BlackTeamCountry "BER"]

1. e4 c5 2. Nf3 e6 3. d4 cxd4 4. Nxd4 a6 5. Bd3 Qc7 6. Nc3 Nf6 7. Qe2 d6 8. f4 Nbd7 9. g4 h6 ({RR} 9... Nc5 10. g5 Nfd7 11. h4 b5 12. a3 Bb7 13. Rh3 Nb6 14. h5 e5 15. Nf5 O-O-O 16. Bd2 Kb8 17. O-O-O Rc8 18. Kb1 Rg8 19. Ne3 exf4 20. Ned5 Nxd5 21. Nxd5 Bxd5 22. exd5 g6 23. h6 Be7 24. Bxf4 {1-0 Grischuk,A (2759)-Artemiev,V (2746) chess.com Speed blitz 2019 (1.4)}) 10. Bd2 b5 11. a3 Bb7 12. g5 $146 ({RR} 12. f5 e5 13. Nb3 Nc5 14. h4 d5 15. Nxc5 Bxc5 16. exd5 O-O-O 17. O-O-O Nxd5 18. Be4 Bd4 19. Nxd5 Bxd5 20. Kb1 Qc4 21. Qxc4+ bxc4 22. Bxd5 Rxd5 23. Bc1 Rhd8 24. f6 gxf6 25. Bxh6 e4 26. Rhe1 c3 {1-0 Wang,Y (2335)-Pourkashiyan,A (2292) Asian Continental op (Women) 09th 2010 (2)}) ({RR} 12. O-O-O Rc8 13. Kb1 Nc5 14. h4 d5 15. e5 Nfe4 16. Bxe4 Nxe4 17. Nxe4 dxe4 18. Be3 Bc5 19. g5 hxg5 20. hxg5 Rxh1 21. Rxh1 Qb6 22. Qf2 b4 23. axb4 Qxb4 24. Rh8+ Kd7 25. Rxc8 Kxc8 26. f5 Bd5 {1-0 Bolat,I (2208)-Huayhuas Robles,L (1801) Titled Tue 26th Mar Late 2024 (1)}) ({RR} 12. Rg1 Nc5 13. h4 d5 14. e5 Nfe4 15. Bxe4 Nxe4 16. Nxe4 dxe4 17. O-O-O Bd5 18. Kb1 Qb6 19. Be3 Qa5 20. Nb3 Qc7 21. Nd4 Rb8 22. Rge1 Qb7 23. Nb3 Qc8 24. Bf2 b4 25. a4 Qc6 26. a5 Be7 {½-½ Majidi,K (1806)-Hamedi Nia,V (1933) Asia zt 3.1 (Women) 2017 (4)}) ({RR} 12. Rf1 e5 13. Nf5 g6 14. fxe5 dxe5 15. Nxh6 Rxh6 16. g5 Rh3 17. gxf6 Nc5 18. O-O-O O-O-O 19. Qg4+ Qd7 20. Be2 Qe6 21. Qxe6+ fxe6 22. Bg4 Rxh2 23. Be3 Rxd1+ 24. Rxd1 Kc7 25. f7 Bc8 26. Bg5 {1-0 Andreev,E (2383)-Podzielny,K (2355) NRW Class2 1718 2017 (6.2)}) 12... hxg5 13. fxg5 Nh5 14. g6 Ne5 15. gxf7+ Qxf7 16. O-O-O Nf4 17. Bxf4 Qxf4+ 18. Kb1 Nxd3 19. Rxd3 Qe5 20. Qg4 Rh6 21. Rf1 Be7 22. Nf3 Qf6 23. Qg1 O-O-O 24. Qa7 Rd7 25. e5 Bxf3 26. Qxd7+ Kxd7 27. exf6 Bxf6 28. Rdxf3 Rxh2 29. Ne4 Bd4 30. Rf7+ Kc6 31. Ng5 e5 32. Nf3 1-0

[Event "45th Olympiad 2024"]
[Site "Budapest HUN"]
[Date "2024.09.15"]
[Round "5.69"]
[Board "4"]
[White "Dennis, Nathan"]
[Black "Depradine, Lawrence"]
[Result "0-1"]
[WhiteElo "1828"]
[BlackElo "1782"]
[PlyCount "116"]
[EventDate "2024.09.11"]
[WhiteTeam "Bermuda"]
[BlackTeam "Barbados"]
[WhiteTeamCountry "BER"]
[BlackTeamCountry "BAR"]

1. d4 Nf6 2. Nf3 b6 3. c4 e6 4. Nc3 Bb4 5. Bg5 Bb7 6. e3 O-O 7. Be2 d6 8. O-O Bxc3 9. bxc3 Nbd7 10. Nd2 c5 ({RR} 10... h6 11. Bh4 Re8 12. f3 e5 13. e4 Nf8 14. Re1 Ne6 15. Nf1 a5 16. a4 Nf4 17. Ne3 c5 18. Bf1 Ng6 19. Bf2 Rc8 20. Rb1 Bc6 21. Nf5 Qc7 22. Qb3 Rb8 23. Red1 Red8 24. Rd2 Ne7 25. Ne3 {1-0 Daeschler,F (2207)-Amburgy,R (2234) Titled Tuesday intern op 31st May Late blitz 2022 (3)}) 11. Rc1 Qc7 12. f4 Rae8 $146 ({RR} 12... Ne4 13. Nxe4 Bxe4 14. d5 e5 15. f5 h6 16. Be7 Rfe8 17. f6 Nxf6 18. Bxf6 gxf6 19. Rxf6 Kg7 20. Qf1 Qe7 21. Rf2 Rg8 22. Bd3 Bg6 23. Bxg6 fxg6 24. e4 Rgf8 25. Rcc2 Rxf2 26. Rxf2 Rf8 27. Rxf8 {½-½ Micele,O (1973)-Faust,R Villa Ballester op 54th 2004 (2)}) 13. Bf3 Qb8 14. Qc2 Qa8 15. Bxb7 Qxb7 16. Rf3 d5 17. Rg3 Kh8 18. Rh3 Ne4 19. Nxe4 dxe4 20. Qf2 f5 21. Qh4 Nf6 22. Bxf6 gxf6 23. Rd1 Qf7 24. a4 Rc8 25. Rc1 Rc7 26. Qf2 Rfc8 27. Qa2 Rc6 28. Qb3 Qc7 29. d5 Rd6 30. Rd1 Rcd8 31. Qb5 Qd7 32. Qa6 exd5 33. cxd5 Rxd5 34. Rxd5 Qxd5 35. Qe2 Qd1+ 36. Qxd1 Rxd1+ 37. Kf2 Rc1 38. Rh5 Rxc3 39. a5 b5 40. Rxf5 Kg7 41. Rd5 Rc2+ 42. Kg3 Ra2 43. Rd7+ Kg6 44. Rxa7 b4 45. a6 b3 46. Rb7 c4 47. a7 Rxa7 48. Rxa7 c3 49. Ra3 c2 50. Rxb3 c1=Q 51. h3 Qg1 52. h4 h5 53. Ra3 Qc1 54. Rb3 Qd1 55. Rb8 Qg4+ 56. Kf2 Qxh4+ 57. Kf1 Qh1+ 58. Kf2 Qc1 0-1

[Event "45th Olympiad 2024"]
[Site "Budapest HUN"]
[Date "2024.09.15"]
[Round "5.70"]
[Board "1"]
[White "Than, Min Hlaing"]
[Black "Alrehaili, Ahmed Abdullah S"]
[Result "0-1"]
[WhiteElo "2121"]
[BlackElo "2117"]
[PlyCount "100"]
[EventDate "2024.09.11"]
[WhiteTeam "Myanmar"]
[BlackTeam "Saudi Arabia"]
[WhiteTeamCountry "MYA"]
[BlackTeamCountry "SAU"]

1. Nf3 {Huzman,Alexander} Nf6 2. c4 g6 3. Nc3 Bg7 4. e4 d6 5. d4 O-O 6. Be2 Nbd7 7. O-O e5 8. Be3 Qe7 9. d5 c5 10. dxc6 ({RR} 10. Bg5 h6 11. Bd2 Ne8 ({RR} 11... Nh5 12. g3 f5 13. Nh4) 12. g3 Ndf6 ({RR} 12... f5 13. Nh4 Qf6 14. exf5 gxf5 15. f4) 13. Nh4 Bh3 14. Re1 Kh7 15. Rb1 b6 16. a3 Bd7 ({RR} 16... Ng8 17. Bd3 f5 18. Nxg6 Kxg6 19. exf5+ Bxf5 20. Qg4+) 17. b4 Qd8 18. Bd3 Ng8 19. Qc2 Rc8 20. bxc5 ({RR} 20. a4 cxb4 21. Rxb4 Nc7) 20... dxc5 ({RR} 20... Rxc5 21. Be3 Rc8 22. a4) 21. f4 Nd6 ({RR} 21... exf4 22. e5 fxg3 23. hxg3) 22. a4 ({RR} 22. fxe5 Bxe5 23. Nf3 f6 ({RR} 23... Bd4+ 24. Kg2)) ({RR} 22. Nf3 exf4 ({RR} 22... f6 23. f5) 23. e5) 22... Ne7 23. Nb5 ({RR} 23. Nf3) 23... Bxb5 24. axb5 Qd7 {1-0 Topalov,V (2690)-Movsesian,S (2659) EU-chT (Men) 12th 1999 (7.1)}) ({RR} 10. Nd2 h5 11. a3 Nh7 12. b4 b6 13. Nb3 f5 14. f3 Ndf6 15. bxc5 dxc5 16. a4 Bd7 17. a5 h4) ({RR} 10. Qd2 Ng4 11. Bg5 f6 12. Bh4 Nh6 13. Ng5 Nb8 14. Rad1 Nf7 15. Ne6 Bxe6 16. dxe6 Qxe6 17. Nd5 Na6 18. Bxf6 Bxf6 19. Bg4) 10... bxc6 11. Qd2 ({RR} 11. b4 Bb7 12. Nd2 d5 13. cxd5 cxd5 14. exd5 Nxd5 15. Nxd5 Bxd5 16. Nb3 Qe6) 11... Nc5 12. Bg5 $146 ({RR} 12. Bxc5 dxc5 13. Rfd1 Bg4 14. Qd6 Qb7 15. Rab1 Rfe8 16. Qxc5 Nd7 17. Qa5 Nf8 18. Na4 Ne6 19. Nc5 Qb6 20. Qxb6 axb6 21. Nxe6 Bxe6 22. a3 f6 23. Ne1 Bf8 24. Nc2 Rec8 25. b4 h5 26. Rb3 Kf7 {½-½ Larchikov,M (1951)-Hebden,M (2386) British Rapidplay 2024 (10.6)}) ({RR} 12. Bxc5 dxc5 13. Rfd1 Ne8 14. Na4 f5 15. Qe3 Rb8 16. b3 fxe4 17. Nd2 Nd6 18. Qxc5 e3 19. Ne4 exf2+ 20. Kh1 Nf5 21. Qxe7 Nxe7 22. Rf1 Bf5 23. Nac5 Rbd8 24. Rad1 Bh6 25. Bf3 Rxd1 26. Rxd1 Be3 {0-1 Voicu,T (2191)-Secheres,A (2371) TCh-ROU Rapid 2023 (2.6)}) ({RR} 12. Bd3 Rb8 13. Bxc5 dxc5 14. b3 Nh5 15. Ne2 Bg4 16. Qe3 f5 17. Ne1 f4 18. Qd2 f3 19. Ng3 fxg2 20. Nxg2 Nf4 21. Bc2 Bf3 22. Nxf4 exf4 23. Rae1 fxg3 24. hxg3 Rbd8 25. Qc1 Bd4 26. Bd1 Qe5 {0-1 Sasitharan,A (1913)-Brueckner,T (2375) Titled Tuesday intern op 12th Dec blitz 2017 (5)}) 12... Bg4 13. h3 Bxf3 14. Bxf3 a5 15. Rfe1 Ne6 16. Be3 Nd7 17. Bd1 Ndc5 18. f3 Rfb8 19. Na4 Rb4 20. Nxc5 dxc5 21. a3 Rbb8 22. Ba4 Rd8 23. Qf2 Rac8 24. Red1 Rd4 25. b3 h5 26. Qe1 Rcd8 27. Bxc6 Rd3 28. Rab1 Rxe3 29. Qxe3 Rd4 30. Bd5 Nf4 31. Rxd4 Qg5 32. Qd2 exd4 33. Kf1 d3 34. e5 Bxe5 35. Re1 Bd4 36. Re4 Qxg2+ 37. Qxg2 Nxg2 38. Rxd4 Ne3+ 39. Kf2 cxd4 40. Ke1 g5 41. Kd2 Nxd5 42. cxd5 f5 43. b4 axb4 44. a4 b3 45. Kxd3 g4 46. fxg4 f4 47. a5 b2 48. Kc2 f3 49. a6 f2 50. a7 b1=Q+ 0-1

[Event "45th Olympiad 2024"]
[Site "Budapest HUN"]
[Date "2024.09.15"]
[Round "5.70"]
[Board "2"]
[White "Alshnaiber, Yazeed"]
[Black "Kyaw Zay Ya"]
[Result "1-0"]
[WhiteElo "1889"]
[BlackElo "1818"]
[PlyCount "83"]
[EventDate "2024.09.11"]
[WhiteTeam "Saudi Arabia"]
[BlackTeam "Myanmar"]
[WhiteTeamCountry "SAU"]
[BlackTeamCountry "MYA"]

1. e4 d5 2. exd5 Qxd5 3. Nc3 Qa5 4. d4 c6 5. Nf3 Bg4 6. h3 Bh5 7. g4 Bg6 8. Ne5 Nf6 9. h4 Nd5 10. Bd2 Nxc3 11. Bxc3 Qd5 12. Rg1 $146 ({RR} 12. f3 f6 13. Bc4 Qd6 14. h5 fxe5 15. hxg6 Qxg6 16. dxe5 e6 17. Qd4 Nd7 18. O-O-O Qf7 19. f4 Bc5 20. Qe4 O-O-O 21. b4 Be7 22. f5 exf5 23. gxf5 Bg5+ 24. Kb2 Qe7 25. Be6 Kc7 26. Bxd7 Rxd7 {1-0 Edzgveradze,N (2125)-Medvegy,Z Stockerau op 1993 (8)}) ({RR} 12. f3 h5 13. Bc4 Qd6 14. Qe2 Nd7 15. O-O-O a6 16. d5 c5 17. Nxg6 fxg6 18. Bd3 O-O-O 19. Qe6 Qf4+ 20. Kb1 Qxf3 21. Be5 Qxh1 22. Qc6+ {1-0 Matsuura,E (2485)-De Moraes,A BRA-ch op Manaus 2011 (1)}) ({RR} 12. f3 b5 13. h5 Be4 14. Bg2 Bxc2 15. Qxc2 b4 16. f4 Qd6 17. Bd2 a5 18. Bxc6+ Nxc6 19. Qxc6+ Qxc6 20. Nxc6 e6 21. Kf2 Ra6 22. Rac1 Bd6 23. Nb8 Bxb8 24. Rc8+ {1-0 Dietrich,I (1804)-Salm,A (1522) Bremen-ch op 2018 (3)}) 12... Qe4+ 13. Kd2 Qf4+ 14. Ke1 Qh2 15. Nf3 Qd6 16. Bd3 Nd7 17. h5 Bxd3 18. Qxd3 h6 19. Rd1 f6 20. Qg6+ Kd8 21. Kf1 Kc7 22. Kg2 Rd8 23. Rge1 Nb6 24. Ba5 Kb8 25. Bxb6 axb6 26. c4 Qb4 27. d5 c5 28. b3 b5 29. Qe4 Qa5 30. Nh4 e5 31. dxe6 Be7 32. Nf5 Qc7 33. Rd7 Rxd7 34. exd7 Bd8 35. Qe8 Rh7 36. Qg6 Qf4 37. Qxh7 Qxg4+ 38. Ng3 Qxd7 39. Qf5 Qc6+ 40. Qd5 Qxd5+ 41. cxd5 Kc7 42. Nf5 1-0

[Event "45th Olympiad 2024"]
[Site "Budapest HUN"]
[Date "2024.09.15"]
[Round "5.70"]
[Board "3"]
[White "Zaw, Ye Htut"]
[Black "Al Abdali, Zeyad Saleh"]
[Result "1-0"]
[WhiteElo "1815"]
[BlackElo "1780"]
[PlyCount "83"]
[EventDate "2024.09.11"]
[WhiteTeam "Myanmar"]
[BlackTeam "Saudi Arabia"]
[WhiteTeamCountry "MYA"]
[BlackTeamCountry "SAU"]

1. e4 c5 2. Nf3 e6 3. d4 cxd4 4. Nxd4 Nc6 5. Nc3 Qc7 6. a3 a6 7. Be3 b5 8. Be2 Bb7 9. O-O Ne5 ({RR} 9... Rc8 10. Nxc6 Qxc6 11. f4 Nf6 12. Bf3 Bc5 13. Bxc5 Qxc5+ 14. Kh1 e5 15. Qd2 O-O 16. Rad1 Rfe8 17. Rfe1 h6 18. h3 a5 19. fxe5 Rxe5 20. Re2 b4 21. axb4 axb4 22. Nd5 Bxd5 23. exd5 Rxe2 24. Qxe2 {½-½ Godzwon,I (2375)-Ivanisevic,I (2606) Titled Tuesday intern op 16th Mar blitz 2021 (6)}) ({RR} 9... Rc8 10. Nxc6 Qxc6 11. f4 Qc7 12. Qe1 Bc5 13. Bxc5 Qxc5+ 14. Kh1 Ne7 15. Bd3 f6 16. Qg3 O-O 17. Rae1 f5 18. e5 Rf7 19. Qf2 Qc7 20. Ne2 Kh8 21. Nd4 Rg8 22. Be2 g5 23. fxg5 Rxg5 24. Bf3 {0-1 De Gaspari,C (1803)-Collutiis,D (2322) Acqui Terme Open 2024 (1.2)}) 10. Kh1 $146 ({RR} 10. Nb3 Nf6 11. f4 Nc4 12. Bxc4 bxc4 13. Nd2 Be7 14. Qe2 Rc8 15. Kh1 O-O 16. Rf3 Ng4 17. Bd4 f5 18. Raf1 Bf6 19. e5 Be7 20. Rh3 d6 21. Nf3 Rfd8 22. Rg3 dxe5 23. Bxe5 Nxe5 24. Nxe5 Bf6 {0-1 Prentos,K (2258)-Banikas,H (2576) GRE-chT 35th 2006 (5)}) ({RR} 10. f4 Nc4 11. Bxc4 Qxc4 12. Qd3 Nf6 13. Kh1 Rc8 14. Rfe1 h5 15. Bg1 h4 16. h3 Nh5 17. Nce2 d6 18. Bh2 g5 19. fxg5 e5 20. Nf5 Qxe4 21. Qxe4 Bxe4 22. Nxh4 Ng7 23. Bg3 Be7 24. Nc3 Bb7 {0-1 Masouros,P (1945)-Manakova,M (2306) Aegean op 33rd 2010 (4)}) ({RR} 10. f4 Nc4 11. Bxc4 bxc4 12. e5 Bc5 13. Qe2 Ba7 14. Qf2 Bxd4 15. Bxd4 Ne7 16. Bc5 Nf5 17. Rad1 Qc6 18. Rfe1 Rc8 19. Ne4 h5 20. b4 cxb3 21. cxb3 Rh6 22. b4 Rg6 23. Re2 Qa4 24. Qe1 Bxe4 {½-½ Sorokina,A (2181)-Hrabinska,M Lvov (Women) 1999}) 10... Nc4 11. Bxc4 Qxc4 12. Qd3 Rc8 13. Nb3 Qc7 14. Rfd1 Nf6 15. f3 Be7 16. Bd4 e5 17. Be3 O-O 18. Qe2 Rfd8 19. Qf2 Re8 20. Bb6 Qb8 21. Rd3 b4 22. axb4 Bxb4 23. Bc5 Rxc5 24. Nxc5 Qa7 25. N3a4 Rc8 26. Rb3 a5 27. c3 Rxc5 28. Rxb4 axb4 29. Qxc5 Qa8 30. cxb4 h6 31. b3 d5 32. exd5 Bxd5 33. Rc1 Kh7 34. Nb6 Qa3 35. Nxd5 Nxd5 36. b5 Qxb3 37. Qc2+ Qxc2 38. Rxc2 Kg8 39. Rc6 Ne7 40. Rd6 Nf5 41. Rd8+ Kh7 42. b6 1-0